| 000 | 00449nam a22001697a 4500 | ||
|---|---|---|---|
| 999 |
_c3450 _d3450 |
||
| 003 | URS | ||
| 005 | 20220114142514.0 | ||
| 008 | 190912s |||| |||| 00| 0 eng d | ||
| 040 |
_cURS _beng _drda |
||
| 050 | 1 | 4 |
_aQA 76.15 _b.P2381 1985 |
| 100 | _aParker,Sybil P. | ||
| 245 | 1 |
_aDictionary of computers _cSybil P. Parker |
|
| 260 |
_aNew York: _bHill Book Company; |
||
| 300 |
_a452 pages: _c22 cm |
||
| 650 | _aComputer Dictionary | ||
| 942 |
_2lcc _cREF |
||